[Event "Vienna"]
[Site "Vienna"]
[Date "1991.??.??"]
[Round "1"]
[White "Nunn, John DM"]
[Black "Brestian, Egon"]
[Result "1-0"]
[WhiteElo "2610"]
[BlackElo "2475"]
[Annotator "Blatny,P"]
[PlyCount "169"]
[EventDate "1991.10.??"]
[EventType "tourn"]
[EventRounds "9"]
[EventCountry "AUT"]
[EventCategory "12"]
[SourceTitle "CBM 026"]
[Source "ChessBase"]
[SourceDate "1992.02.01"]
[SourceVersion "1"]
[SourceVersionDate "1992.02.01"]
[SourceQuality "1"]

1. e4 c5 2. Nf3 Nc6 3. d4 cxd4 4. Nxd4 e5 5. Nb5 d6 6. Bc4 a6 7. N5c3 Nf6 8.
Bg5 Be7 9. Bxf6 {><d5} Bxf6 {^^} 10. O-O O-O 11. Bb3 Nd4 {><d4} 12. Nd5 Bg5 {
/^h6-c1,Ne3} 13. c3 {><d4} Nxb3 14. Qxb3 Rb8 (14... b5 15. a4 Rb8) 15. c4 Be6 (
15... b5 {<->b,Rb8}) 16. Nbc3 Qa5 17. Qb6 Qxb6 18. Nxb6 f5 (18... Bd8 19. Ncd5)
19. Rad1 (19. f3 $4 Be3+ $19) 19... Rbd8 20. Rfe1 g6 (20... fxe4 21. Nxe4 Be7
$14) 21. Rd3 {<->d} Rf7 {/\Bg5-e7-f8} 22. g3 {/\Kg2,Pf3,h4 |^} Be7 23. b3 {><c4
} Kg7 24. Kg2 f4 25. Nbd5 Bf8 26. f3 g5 {/\Ph5, ><g4 ()} 27. g4 h5 28. h3 (28.
gxh5 g4 $36) 28... Rb8 {/\b5 -><<} 29. a4 b6 30. Red1 h4 31. Kf2 Rd7 32. Ke2
Kf7 33. Nb4 Ra8 (33... a5 34. Nbd5 {><b5}) 34. Nbd5 {׫} Rb7 35. Kd2 Rc8 {
/\36...Bd5 37.Nd5 b5} 36. Ra1 {/\ ...Pa4-a5 ׫} Bxd5 37. Rxd5 {/\38.Kc2 39.a5}
a5 38. Rb5 {ץ,><b6,d6} Be7 39. Nd5 Bd8 40. Kc3 Rc5 41. Rb1 Rb8 42. b4 Rxb5 43.
cxb5 Rc8+ 44. Kb2 axb4 45. Rc1 Rb8 (45... Rxc1 46. Kxc1 {+- _|_ /\Kc1-b2-b3-b4,
Pa4-a5}) 46. Nxb4 Ra8 47. Kb3 Ke6 48. Nc6 Kd7 49. Ra1 Bc7 50. Rd1 Ke6 51. Nb4
Bd8 52. Rc1 Kd7 53. Rc6 Ke6 54. Nd3 Kd7 55. Nb2 Rb8 56. Nd1 Ra8 57. Nc3 Ke6 58.
Kc4 Rb8 59. Kd3 Ra8 60. Kc2 Kd7 61. Rc4 Rb8 62. Nd5 (62. Rc6 Ra8 63. Kb3 Rb8
64. Nd1 Ra8 65. Nb2 Bc7 66. Nc4 Rb8 67. Ka3 Rb7 68. Kb4 Rb8 69. a5 bxa5+ 70.
Nxa5 Bxa5+ 71. Kxa5 Ra8+ 72. Ra6 Rc8 73. Ra7+ Ke6 74. b6 Rc3 75. b7 Rb3 76. Ka6
Ra3+ 77. Kb6 Rb3+ 78. Kc7 Rc3+ 79. Kb8 Rxf3 80. Ka8 Rb3 81. b8=Q Rxb8+ 82. Kxb8
d5 83. Ra6+ Kd7 84. exd5 e4 85. Re6 f3 86. Rf6 $18 {Nunn}) 62... Ra8 63. Kb3
Rb8 64. Kb4 Ra8 65. Rc6 Rb8 66. a5 $1 bxa5+ 67. Ka4 Ra8 (67... Rc8 68. Rxc8
Kxc8 69. b6 Kb7 70. Kxa5 $18) (67... Rb7 $142 68. Ra6 Rb8 69. Ra7+ Kc8 $1 (
69... Ke6 70. Rg7 {/\71.b6 Bb6 72.Re7#}) 70. Rg7 Rb7 71. Rg6 Kd7 (71... Rd7 72.
b6 {/\Ka5}) 72. Rg8 Rb8 73. Rg7+ Kc8 74. Ra7 Rb7 75. Ra6 Kd7 76. Ra8 $18 {Nunn}
) 68. Rb6 $1 Rc8 (68... Bxb6 69. Nxb6+ Kc7 70. Nxa8+ Kb7 71. Kxa5 Kxa8 72. Kb6
Kb8 73. Kc6 $18) (68... Ra7 69. Rb8) 69. Rb7+ Ke6 70. b6 Rc1 71. Rh7 Ra1+ 72.
Kb5 Rb1+ 73. Kxa5 Bxb6+ (73... Rb3 74. Ka6 Rxf3 75. b7 Rb3 76. Ka7 Ra3+ 77. Kb8
f3 78. Kc8 f2 $8 79. Kxd8 $1 f1=Q 80. Re7#) 74. Nxb6 Kf6 75. Nd5+ Kg6 76. Rd7
Rb3 77. Rxd6+ Kh7 78. Nc7 Rxf3 79. Ne6 Re3 80. Nxg5+ Kg7 81. Re6 f3 82. Rxe5 f2
83. Rf5 Kg6 84. Ne6 Rxe4 85. Nf4+ 1-0

[Event "URS-ch57"]
[Site "Leningrad"]
[Date "1990.??.??"]
[Round "?"]
[White "Khalifman, Alexander"]
[Black "Vyzmanavin, Alexey"]
[Result "1/2-1/2"]
[WhiteElo "2615"]
[BlackElo "2585"]
[Annotator "Boensch,U"]
[PlyCount "69"]
[EventDate "1990.10.??"]
[EventType "tourn"]
[EventRounds "13"]
[EventCountry "URS"]
[EventCategory "14"]
[SourceTitle "URS-ch"]
[Source "ChessBase"]
[SourceDate "1999.07.01"]
[SourceVersion "1"]
[SourceVersionDate "1999.07.01"]
[SourceQuality "1"]

1. e4 c5 2. Nf3 Nc6 3. d4 cxd4 4. Nxd4 e5 5. Nb5 d6 6. c4 Be7 7. N1c3 a6 8. Na3
Be6 9. Be2 (9. Nc2 Rc8 10. b3 $1 Nf6 11. Bd3 O-O 12. Bb2 Re8 13. O-O Bf8 14.
Qd2 $14 {Ivanchuk,V-Boensch,U Novi Sad (ol) 1990}) 9... Nd4 (9... Bg5 10. Bxg5
Qxg5 11. O-O Rd8 $14) 10. O-O Nf6 (10... Rc8 11. Bg4 Nf6 12. Bxe6 fxe6 13. Be3
$14 {Timman,J-Short,N Rotterdam 1990}) 11. Bd3 (11. Be3 Nxe2+ 12. Qxe2 O-O 13.
f3 Rc8 14. Rac1 Nh5 15. Qd2 f5 16. Rfd1 Nf6 17. exf5 Bxf5 18. Nd5 $14 {
Ivanchuk,V-Short,N Tilburg(11) 1990 -CBM20}) 11... Rc8 12. Be3 O-O 13. h3 Qa5
14. Re1 Rfd8 15. Nd5 Bxd5 (15... Nxd5 $2 16. exd5 Bd7 17. Bxd4 $18) 16. cxd5
Qb4 17. Rb1 Nd7 18. Bd2 Qc5 19. Nc4 h6 20. Rc1 Qa7 21. Be3 Nb6 22. Na5 Rxc1 23.
Qxc1 Rc8 24. Qd1 Bg5 25. Bxg5 hxg5 26. Qg4 Qb8 (26... f6 $2 27. Nb3 $1 Re8 28.
Qh5 Qb8 29. Nxd4 exd4 30. e5 $18) 27. Qxg5 Na4 28. Qd2 Qc7 29. Nc4 Qc5 30. b3
Nb6 31. Qa5 Nxc4 32. Qxc5 Rxc5 33. Bxc4 g6 34. f3 Ra5 35. b4 (35. b4 Ra4 36.
Rb1 b5 $15) 1/2-1/2

[Event "Hoogovens"]
[Site "Wijk aan Zee"]
[Date "1990.01.??"]
[Round "7"]
[White "Nunn, John DM"]
[Black "Short, Nigel D"]
[Result "1-0"]
[WhiteElo "2600"]
[BlackElo "2635"]
[Annotator "Boensch,U"]
[PlyCount "66"]
[EventDate "1990.01.??"]
[EventType "tourn"]
[EventRounds "13"]
[EventCountry "NED"]
[EventCategory "13"]
[SourceTitle "CBM 017"]
[Source "ChessBase"]
[SourceDate "1990.08.01"]
[SourceVersion "1"]
[SourceVersionDate "1990.08.01"]
[SourceQuality "1"]

1. e4 {Bönsch} c5 2. Nf3 Nc6 3. d4 cxd4 4. Nxd4 e5 5. Nb5 d6 6. g3 {N, 6.c4; 6.
S1c3; 6.a4; 6.Le3} h5 $5 7. N1c3 a6 8. Na3 h4 9. Bg2 h3 10. Bf1 b5 11. Nd5 Nce7
$2 (11... Be7 12. Be3 (12. c4 b4 13. Nxb4 (13. Nc2 Rb8 $13) 13... Nxb4 14. Qa4+
Bd7 15. Qxb4 d5 $44) 12... Rb8 $13) 12. Bg5 f6 (12... Qa5+ $5) 13. Be3 Nxd5 $6
(13... Rb8) 14. Qxd5 Rb8 15. O-O-O Ne7 $2 (15... Bb7 16. Qe6+ (16. Qd3 $2 f5
17. f3 fxe4 18. fxe4 Nf6) 16... Qe7 $1 17. Bxh3 (17. Rxd6 $2 Qxe6 18. Rxe6+ Kf7
19. Rb6 Bxa3 20. bxa3 Ne7 {/\ 21...Sc8; 21...Le4}) 17... Qxe6 18. Bxe6 Bxe4 19.
Rhe1 $14) 16. Qxd6 Qxd6 17. Rxd6 Nf5 18. Rb6 Rxb6 19. Bxb6 Nd6 20. f3 Be6 21.
Bc5 Be7 22. Be2 Nb7 23. Bxe7 Kxe7 24. b3 Nd6 25. c3 g6 26. Nc2 $18 a5 27. Rd1
f5 28. exf5 gxf5 29. Bf1 f4 30. gxf4 exf4 31. Nd4 Bd7 32. Ne2 Bc6 33. Nxf4 Bxf3
{34.Sg6+ +-} 1-0

[Event "London WFW"]
[Site "London"]
[Date "1990.??.??"]
[Round "?"]
[White "Chandler, Murray G"]
[Black "Tisdall, Jonathan D"]
[Result "1/2-1/2"]
[WhiteElo "2585"]
[BlackElo "2480"]
[Annotator "Boensch,U"]
[PlyCount "59"]
[EventDate "1990.04.??"]
[EventType "tourn"]
[EventRounds "13"]
[EventCountry "ENG"]
[EventCategory "11"]
[SourceTitle "CBM 018"]
[Source "ChessBase"]
[SourceDate "1990.10.01"]
[SourceVersion "1"]
[SourceVersionDate "1990.10.01"]
[SourceQuality "1"]

1. e4 {Bönsch} c5 2. Nf3 Nc6 3. d4 cxd4 4. Nxd4 e5 5. Nb5 d6 6. Bd3 {N} Be7 7.
O-O Be6 8. c4 a6 9. N5c3 Bg5 10. Bxg5 Qxg5 11. Nd5 Rc8 12. Nbc3 Nge7 13. Re1
O-O 14. Re3 Ng6 15. Rg3 Qh4 16. Qb3 f5 $1 17. exf5 (17. Qxb7 $2 f4 18. Rf3 Nd4
$19) 17... Nd4 18. Qxb7 Bxf5 19. Bxf5 (19. Qxa6 $2 Bxd3 20. Rxd3 Qxf2+ $19 21.
Kh1) 19... Nxf5 20. Rh3 Qxc4 21. Qb3 Nd4 22. Qd1 (22. Qxc4 Rxc4 $15) 22... Nf4
23. Nxf4 Rxf4 24. Qh5 h6 25. Rg3 Rcf8 26. Rf1 (26. Qxh6 $4 Nf5 $19) 26... Nf5
27. Rh3 Rg4 28. b3 Qd4 29. Ne2 Qe4 30. Ng3 (30. Ng3 Nxg3 31. Rxg3 Rxg3 32. hxg3
d5 $15) 1/2-1/2

[Event "Interzonal-15"]
[Site "Manila"]
[Date "1990.??.??"]
[Round "11"]
[White "Hjartarson, Johann"]
[Black "Spraggett, Kevin"]
[Result "1-0"]
[WhiteElo "2520"]
[BlackElo "2540"]
[Annotator "Boensch,U"]
[PlyCount "81"]
[EventDate "1990.06.29"]
[EventType "swiss"]
[EventRounds "13"]
[EventCountry "PHI"]
[SourceTitle "CBM 019"]
[Source "ChessBase"]
[SourceDate "1990.12.01"]
[SourceVersion "1"]
[SourceVersionDate "1990.12.01"]
[SourceQuality "1"]

1. e4 {Bönsch} c5 2. Nf3 Nc6 3. d4 cxd4 4. Nxd4 e5 5. Nb5 d6 6. c4 Be7 7. N1c3
a6 8. Na3 h6 $6 (8... Be6 9. Nc2 Rc8 10. Be2 Na5 11. Ne3 Nf6 (11... Nxc4 $13)
12. b3 b5 13. Ncd5 Nxd5 14. cxd5 Bd7 $10 {Vogt - Bönsch, Interschach Berlin
1990}) 9. Be2 (9. Nc2 Bg5 10. Bxg5 hxg5 11. Qd2 Rh6 12. O-O-O $16 {Wedberg -
Ostenstad, Espoo 1989 - CBM 14 S.46}) 9... Bg5 10. Nc2 Nf6 (10... Bxc1 11. Rxc1
Nf6 12. O-O O-O 13. Qd2 $14) 11. Bxg5 hxg5 12. Qd2 Rh6 (12... g4 13. O-O-O $16)
13. Qxg5 Rg6 14. Qe3 Rxg2 15. O-O-O $16 b6 (15... Be6 $2 16. c5 d5 17. exd5
Nxd5 18. Nxd5 Bxd5 19. Bf3 $18) 16. h4 Be6 17. h5 Rc8 (17... Qc7 18. Nd5 Bxd5
19. exd5 Ne7 20. Bf3 $18) 18. Rdg1 (18. Bf3 Ng4) 18... Rxg1+ 19. Rxg1 Kf8 20.
Kb1 Ng8 21. Nd5 Bxd5 22. cxd5 Nb8 23. f4 $1 $40 exf4 24. Qxf4 Qf6 25. Qe3 b5
26. Nd4 Nh6 27. a3 Nd7 28. Rf1 Qh4 29. Ne6+ Kg8 30. Rg1 fxe6 31. Qxh6 Qf6 $2 (
31... Qxe4+ 32. Ka1 Qe5 $13) 32. Qxf6 Nxf6 33. h6 exd5 (33... Rc7 34. dxe6 Kf8
35. Rf1 Kg8 (35... Re7 $2 36. h7 $18) 36. Bd1 Nxe4 37. Rf8+ Kh7 (37... Kxf8 38.
h7 $18) 38. Bc2 d5 39. Rf7 Rc6 40. e7 Re6 41. hxg7 $18) 34. Rxg7+ Kh8 35. exd5
Nxd5 36. Rd7 Nf4 37. Bf3 Nd3 (37... d5 38. Rf7 (38. Bxd5 Nxd5 39. Rxd5 Rc6 $14)
38... Rc4 $16) 38. Rxd6 Rc1+ 39. Ka2 Ne5 40. Be4 Nf7 41. Rf6 1-0

[Event "Comtois Masters 5th"]
[Site "Belfort"]
[Date "2002.06.28"]
[Round "1"]
[White "Bologan, Viktor"]
[Black "Tregubov, Pavel V"]
[Result "1-0"]
[WhiteElo "2652"]
[BlackElo "2627"]
[Annotator "Bologan,V"]
[PlyCount "59"]
[EventDate "2002.06.27"]
[EventType "tourn"]
[EventRounds "10"]
[EventCountry "FRA"]
[EventCategory "14"]
[SourceTitle "CBM 090"]
[Source "ChessBase"]
[SourceDate "2002.09.20"]
[SourceVersion "1"]
[SourceVersionDate "2002.09.20"]
[SourceQuality "1"]

1. e4 c5 2. Nf3 Nc6 3. d4 cxd4 4. Nxd4 e5 5. Nb5 d6 6. N1c3 a6 7. Na3 b5 8. Nd5
Nf6 9. c4 {A bit more precise then Nf6 immediately. After the usual} (9. Bg5
Be7 10. Bxf6 Bxf6 {the game would be transposed to the main line of the
Cheliabinsk variation.}) 9... b4 10. Nxf6+ Qxf6 11. Nc2 {This line was
refreshed by Vishy Anand in Linares this year against Alexei Shirov.} Qg6 12.
Ne3 {The text leads to compltely differrent from Anand-Shirov game position.
The idea is to develop the bishop on g2, which would compltely neutralize the
queen on g6. First I saw this idea while preparing for my white colour game
against JM Degraeve.} (12. Qd5 {was played in the mentioned game. To be honest
I didn't find any sensible improvement for Black. The reason I've choosen 12.
Ne3 is to get out my opponent from home preparation.} Bb7 13. Nxb4 Rc8 14. Be3
Be7 15. h4 O-O 16. h5 Qg4 17. f3 Qg3+ 18. Kd1 Bg5 19. Nxc6 Bxe3 20. Ne7+ Kh8
21. Qd3 $18 {Anand V.(2790) - Shirov A.(2718), Linares 2002 It (cat.20)}) 12...
Be7 {Taking on e4 doesn't lead to an immediate loose, still I would warn one
from doing it.} (12... Qxe4 13. Bd3 Qd4 14. Nd5 Rb8 (14... Qa7 15. Be3 Qb7 16.
Bb6) 15. O-O (15. Be3 Qxb2 16. O-O Qa3 17. Bb6) 15... Qg4 16. Qa4 Qd7 17. Be3
Be7 18. Nb6 Qc7 19. Nxc8 Rxc8 20. Qxa6 $14) 13. g3 O-O {the most natural move.
The other two attempts to refute 12.Ne3 are not succesful at all.} (13... h5
14. h4 $1 {of course not} (14. h3 Nd4 15. Bg2 Bb7 16. Qd3 h4 17. g4 Ne6 18. Nf5
Nc5 19. Qe3 Bf8 20. f4 Qe6 {and black's got some counterplay Schaefer M.(2393)
- Degraeve J.(2589), Germany 1998 Bundesliga (2nd)})) (13... Bb7 {does not
yield black anything good} 14. Bg2 Nd4 15. Nf5 {also enough is} (15. Nd5 $5
Bxd5 16. cxd5 O-O 17. Be3 $14) 15... Qxf5 $5 {the sacrifice which looks very
promissing in the reality still doesn't solve all black's problems.} (15... Rc8
16. b3) 16. exf5 Bxg2 17. Rg1 Nf3+ 18. Ke2 Nxg1+ 19. Qxg1 Be4 20. g4 $14) 14.
Bg2 Bg5 {In all Sveshnikov variations the second after square d5 problem is
the black squared bishop. Now Black had two possibilities to solve it.} (14...
Bd8 $5 {deserves attention. The only question which appears is the d6 pawn.}
15. Qd5 {first} (15. Nf5 {immediate attempt to get use of d6 weakness is met
by a strong refutation.} Bb6 16. Qd5 Bxf5 $1 17. exf5 Qxf5 18. Qxc6 Qxf2+ 19.
Kd1 d5 20. Bxd5 Rac8 21. Qb7 Rfd8 22. Bd2 Rxd5 $1) 15... Bb7 (15... Bd7 16. Nf5
Bb6 17. Be3 Bxe3 18. fxe3 Rac8 19. O-O $14) 16. Nf5 Bc7 17. Ne7+ Nxe7 18. Qxb7
$14 {the black pieces are extremle discoordinated.}) 15. O-O Bxe3 (15... Nd4 {
would follow} 16. f4) 16. Bxe3 Rb8 {N this is a novelty but not an important
one. Black is already clearly worse.} (16... Bb7 17. Qd3 Rad8 18. Rad1 Ne7 19.
Bc5 Nc6 20. Bb6 Rd7 21. Bh3 $18 {Schaefer M.(2393) - Shabtai R.(2297),
Budapest 1993 It}) 17. Qa4 $1 {Little detail. Queen on a4 is idealy placed, so
Black cannot move his knight from c6.} Bb7 18. Rfd1 a5 19. Rd2 {the material
loses are inevitable, Tregubov's only chance is to wait for white mistakes.}
Qe6 20. Rad1 {The c4 pawn is poisoned.} Rfd8 (20... Qxc4 21. Bf1 Qxe4 (21...
Qe6 22. Rxd6 Qc8 23. Rc1) 22. Bg2 Qc4 23. Rc2 Qg4 24. Rxc6 Bxc6 25. Bxc6 $18)
21. Bb6 Rd7 22. c5 Ba8 23. Rxd6 Rxd6 24. Rxd6 $18 Qc4 (24... Qc8 {would finish}
25. Rd8+ {!} Qxd8 26. Bxd8 Rxd8 27. Bf1 $18) 25. Rxc6 Bxc6 26. Qxc6 Qxa2 27.
Bc7 Rf8 28. Bd6 Rd8 29. Qc7 Re8 30. Qd7 1-0

[Event "Porz Citroen-Cup"]
[Site "Cologne"]
[Date "1993.??.??"]
[Round "7"]
[White "Hoffmann, Michael"]
[Black "Grigore, George Gabriel"]
[Result "0-1"]
[WhiteElo "2455"]
[BlackElo "2455"]
[Annotator "Bulletin"]
[PlyCount "78"]
[EventDate "1993.??.??"]
[EventType "tourn"]
[EventRounds "9"]
[EventCountry "GER"]
[EventCategory "9"]
[SourceTitle "EXT 1999"]
[Source "ChessBase"]
[SourceDate "1998.11.16"]
[SourceVersion "1"]
[SourceVersionDate "1998.11.16"]
[SourceQuality "1"]

1. e4 c5 2. Nf3 Nc6 3. d4 cxd4 4. Nxd4 e5 5. Nb5 d6 6. N1c3 a6 7. Na3 b5 8. Nd5
Nge7 9. c4 Nd4 10. Be3 Nxd5 11. cxd5 f5 12. Bxd4 exd4 13. exf5 Bxf5 14. Bd3
Qe7+ 15. Kf1 Bd7 16. Qh5+ Qf7 17. Re1+ Be7 18. Qh4 Rc8 {[#]} 19. Nc2 (19. Bg6
Kd8 (19... hxg6 20. Qxh8+ Qf8 21. Qxf8+ Kxf8 $13) 20. Bxf7 Bxh4 21. Be6 Rf8 $15
) 19... Kf8 20. Qe4 Rc5 21. f3 Bf6 22. Kf2 g6 23. Qf4 Kg7 24. Qxd6 Bh4+ 25. g3
Rxd5 26. Qxa6 Rf8 27. Be4 d3 28. Qb7 (28. gxh4 dxc2 29. Bxd5 Qxd5 30. Qa3 (30.
Re7+ $6 Kg8 31. Qa3 Bc6 32. Re3 Qd2+ 33. Kg3 c1=Q 34. Rxc1 Qxc1 $19) 30... Qd2+
31. Kg3 Qf4+ 32. Kg2 Qd2+ $11) 28... Rd6 29. Nb4 (29. Rd1) 29... d2 30. Rd1 Qc4
31. gxh4 (31. Nd3) 31... Qxb4 32. h5 Rf7 33. hxg6 hxg6 34. Qa8 Qc5+ 35. Kg2 Qe3
36. h4 Bf5 37. Bxf5 gxf5 38. h5 Kh7 39. Kh3 Rh6 0-1

[Event "Riga op"]
[Site "Riga"]
[Date "1995.??.??"]
[Round "?"]
[White "Bologan, Viktor"]
[Black "Sveshnikov, Evgeny"]
[Result "0-1"]
[WhiteElo "2540"]
[BlackElo "2560"]
[Annotator "Chekhov,V"]
[PlyCount "62"]
[EventDate "1995.??.??"]
[EventType "swiss"]
[EventRounds "9"]
[EventCountry "LAT"]
[SourceTitle "CBM 048"]
[Source "ChessBase"]
[SourceDate "1995.10.01"]
[SourceVersion "1"]
[SourceVersionDate "1995.10.01"]
[SourceQuality "1"]

1. e4 c5 2. Nf3 Nc6 3. d4 cxd4 4. Nxd4 e5 5. Nb5 d6 6. N1c3 a6 7. Na3 b5 8. Nd5
Nce7 9. c4 Nxd5 10. Qxd5 (10. cxd5 Nf6 11. Bd3 Be7 12. Nc2 O-O 13. O-O Nd7 14.
Nb4 Bb7 15. a4 bxa4 16. Nc6 Bxc6 17. dxc6 Nc5 18. Be3 Rc8 19. Bxc5 dxc5 20.
Bxa6 $14 {Van der Will,J-Hendriks,W/NED/1994/1|0/45/}) (10. exd5 bxc4 11. Nxc4
Nf6 12. Be3 (12. Bd2 $5 a5 13. Be3) 12... Rb8 13. Be2 Be7 14. O-O O-O 15. a4
Bf5 16. a5 Be4 17. Nb6 Rxb6 18. Bxb6 Qa8 19. Bf3 Bxd5 20. Bxd5 Nxd5 $44 {
Sherzer,A-Gostisa,L/Budapest/1990/0|1/62/}) 10... Be6 11. Qb7 Nf6 $1 (11...
bxc4 12. Bxc4 Qc8 13. Qxc8+ Bxc8 14. Be3 Nf6 15. O-O-O Bb7 16. f3 $14 {Roskar,
R-Waller,H/Bled/Rogaska/1992/1|0/51/}) (11... b4 12. Qxb4 d5 13. c5 Qc8 14.
exd5 Bxc5 15. Qc4 Bf5 16. Bd2 Bxa3 17. Qa4+ Qd7 18. Qxa3 Qxd5 19. Be2 $14 {
Kotronias,V-Gausel,L/Gausdal/1990/1|0/41/}) 12. cxb5 Rb8 13. Qxa6 (13. Qc6+ Bd7
14. Qxa6 Nxe4) 13... d5 (13... Nxe4 $4 14. Qc6+ $18) 14. Nc2 (14. exd5 Bb4+ 15.
Bd2 Bxd2+ 16. Kxd2 Qxd5+ 17. Ke1 Qe4+ 18. Be2 O-O $40) 14... Ra8 (14... Nxe4
15. Bd3 Nc5 16. Qc6+ Bd7 17. Qxd5 Nxd3+ 18. Qxd3 Bxb5 19. Qxd8+ Rxd8 20. Be3) (
14... Rc8 $5) 15. Qc6+ Bd7 16. Qc3 Rc8 $5 17. Qb3 (17. Qxe5+ Be7 18. Bd3 (18.
exd5 O-O $36) 18... O-O 19. O-O dxe4 20. Bxe4 Rc5 21. Qd4 Nxe4 22. Qxe4 Bf5 $17
) 17... Nxe4 18. Qxd5 (18. Be2 Qa5+ 19. Kf1 Be6 $17) 18... Rxc2 19. Qxe4 Bf5 $1
20. Qa4 $6 (20. Qxf5 $4 Bb4+ $19) (20. Qxe5+ $5 Be7 21. Be2 Bd3 (21... O-O 22.
Qxf5 $18) (21... Qa5+ 22. Kf1 Bg6 23. h4) 22. Bxd3 Qxd3 23. Qe3 Qxb5 24. a4
Qa5+ 25. Kd1 $1 (25. Kf1 $2 Qa6+ 26. Kg1 Re2 27. Qc3 Bf6 28. Qb4 Qb6 $1 $19)
25... Qc7 (25... Rc7 26. Bd2 $16) 26. Re1 $22 O-O 27. Qxe7 Rxc1+ 28. Rxc1 Rd8+
29. Qxd8+ Qxd8+ 30. Kc2 $16) 20... Bc5 21. Be2 O-O $36 22. Qb3 Qa5+ 23. Kf1 Rd8
24. Bg5 (24. Be3 Rdd2 $5 (24... Bxe3 25. Qxe3 Rxe2 $1 26. Kxe2 Qxb5+ 27. Ke1
Qxb2 28. Rc1 h6 $44) 25. Re1 $1 (25. Bxd2 Qxd2 26. Re1 Bb4 $19) 25... Bxe3 26.
Qxe3 h6 $140 $1 27. Qxe5 Rxe2 28. Rxe2 Rc1+ 29. Re1 Bd3+) 24... Rxe2 (24...
Rdd2 25. Re1 $22 Rxb2 26. Bxd2 Qxd2 27. Qd1 Qf4 28. Qd8+ Bf8 29. b6) 25. Kxe2
Bd3+ 26. Kf3 (26. Qxd3 Rxd3 27. Kxd3 Qxb5+ 28. Ke4 (28. Kc2 Qc4+ 29. Kb1 Qd3+
30. Kc1 Bxf2 $17) 28... Qc4+ $1 29. Kf3 f5 $17) 26... e4+ 27. Kg3 Qb6 $1 28.
Kh3 (28. Bxd8 Bxf2+ 29. Kh3 Qh6+ 30. Kg4 Qg6+ 31. Bg5 (31. Kf4 Qd6+ 32. Kg4 h5+
33. Kh3 Qd7+ $19) 31... h5+ 32. Kf4 Qd6+ $19) 28... Bxf2 29. g4 (29. Bxd8 Qh6+
$19) 29... h5 30. Qd1 Rd5 31. Bf4 e3 0-1

[Event "Minsk"]
[Site "Minsk"]
[Date "1993.??.??"]
[Round "?"]
[White "Kruppa, Yuri"]
[Black "Rotstein, Arkadij"]
[Result "0-1"]
[WhiteElo "2475"]
[BlackElo "2465"]
[Annotator "Chekhov,V"]
[PlyCount "84"]
[EventDate "1993.03.??"]
[EventType "tourn"]
[EventRounds "11"]
[EventCountry "BLR"]
[EventCategory "9"]
[SourceTitle "CBM 036"]
[Source "ChessBase"]
[SourceDate "1993.10.01"]
[SourceVersion "1"]
[SourceVersionDate "1993.10.01"]
[SourceQuality "1"]

1. e4 {Kortschnoj} c5 2. Nf3 Nc6 3. d4 cxd4 4. Nxd4 e5 5. Nb5 d6 6. N1c3 a6 7.
Na3 b5 8. Nd5 Nge7 (8... Nf6 $1) 9. c4 (9. Bg5 $5 {Kortschnoj} Qa5+ 10. Bd2 Qd8
11. c4) 9... Nd4 10. cxb5 (10. Be3 Nxd5 11. cxd5 $1 Be7 12. Bd3 O-O 13. O-O {
(Rodriguez-Estevez,Cuba (ch) 1988; 13...Rf6 /\Qb6,Rd7)}) 10... Nxd5 11. exd5
Be7 (11... Bd7 $6 12. Be3 Nxb5 13. Nc4 f5 14. a4 Na7 15. Rc1 f4 16. Bd2 Nc8 17.
Qb3 $16 {(Smirin-Shirov, Klaipeda 1988)}) 12. Bd3 (12. Bc4 axb5 13. Nxb5 Ba6
14. Na3 O-O 15. O-O Bf6 16. Be3 $16 {(Klovans-Kiselev,Frunze 1988)}) (12. bxa6
$6 Bxa6 13. Bxa6 Qa5+ 14. Bd2 Qxa6) 12... O-O 13. O-O f5 $1 $44 14. bxa6 (14.
Be3 Nxb5 15. Nxb5 (15. Nc4 Bb7) 15... axb5 16. Bxb5 f4 17. Bd2 f3 $44) (14. Be3
$5 {Kortschnoj}) 14... f4 $1 15. Nc2 Qb6 16. Nxd4 Qxd4 17. Re1 (17. Be2 Qb6 18.
a4 e4 $1 $13) (17. Qc2 $5 {Kortschnoj} f3 $5 18. Bxh7+ Kh8 19. Be4 $13) 17...
Bh4 $5 18. Bxh7+ $8 Kxh7 19. Qh5+ Kg8 20. Qxh4 Qxd5 $15 21. a4 Rxa6 22. Ra3 Rc6
(22... Bb7 23. Qg4) 23. Qh5 Bb7 24. Qd1 Qf7 25. Rc3 $6 (25. Rd3 $6 Qg6 26. f3
Rxc1 $19) (25. f3 $1 Rfc8 26. Bd2 Rc2 27. Bc3 Qg6 28. Re2 $13) 25... Rxc3 26.
bxc3 Qg6 27. f3 e4 $1 $17 28. Qb3+ Rf7 29. Bxf4 exf3 30. g3 $8 (30. Bg3 f2+ $19
) (30. Qa2 f2+ 31. Qxf2 Rxf4 $19) 30... Qh5 31. Qa2 $2 (31. Rf1 $17) 31... g5
$19 32. Re8+ (32. Be3 $5 {Kortschnoj}) 32... Kg7 33. Qf2 (33. c4 f2+ 34. Qxf2
Qd1+ 35. Qf1 Qxf1+ 36. Kxf1 gxf4 $19) (33. Qc4 f2+ 34. Kxf2 Qxh2+ 35. Ke1 Qg1+
36. Kd2 gxf4 $19) (33. Be3 {Kortschnoj} f2+ 34. Bxf2 Qd1+ 35. Re1 Qf3 36. Bd4+
Kf8 37. Qxf7+ Qxf7 38. Rf1 Bf3 $19) 33... Rxf4 $1 34. Re7+ (34. gxf4 Qxe8)
34... Rf7 35. Qd4+ Kf8 36. Rxf7+ Qxf7 37. Qxd6+ Kg7 38. Qd4+ Kh7 39. Qd3+ Kg8
40. Qd8+ Kh7 41. Qd3+ Kh6 42. Qd6+ Kh5 0-1